000
00218 a2200097 4500
001
47968
100
_a
Waliullah
245
_a
Shifa-ul-Gahalil Al-Qawal-ul Jamil
260
_a
Karachi
_b
Saeed
_c
090
_c
30959
_d
30959
942
_a
NUST-CAE
_c
M
_c
23290
999
_c
283041
_d
283041